Grands généraux et chefs militaires par image. - Statistiques

Statistiques générales
  • Ce quiz a été pris 78 fois
  • Le résultat moyen est 10 sur 20
Statistiques - réponses
Par images Réponse % Correct
Alexandre le Grand
96%
Charles de Gaulle
93%
Gengis Khan
93%
George S. Patton
73%
Bernard Montgomery
69%
Arthur Wellesley
63%
Gilbert du Motier de La Fayette
63%
Erwin Rommel
61%
Richard Cœur de Lion
60%
Ulysses S. Grant
48%
Gueorgui Joukov
46%
Hannibal Barca
43%
Louis-Nicolas Davout
40%
Scipion l’Africain
40%
Leberecht von Blücher
39%
Francisco Pizarro
21%
Tomoyuki Yamashita
15%
Khalid ibn al-Walid
10%
Vo Nguyen Giap
9%
Afonso de Albuquerque
6%
Aucun quiz correspondant
Distribution des résultats
% des personnes avec chaque résultat
Percentile par nombre de réponses
Votre historique - résultats
Vous n’avez pas pris ce quiz